Carbon fibres in engineering (Record no. 79150)

MARC details
000 -LEADER
fixed length control field 00671nam a2200145 a 4500
008 - FIXED-LENGTH DATA ELEMENTS--GENERAL INFORMATION
fixed length control field 120416s1973 ||||||||||||||||| || u
050 ## - LIBRARY OF CONGRESS CALL NUMBER
Classification number TA 418.9.C3 Car
100 ## - MAIN ENTRY--PERSONAL NAME
Personal name Langley, Marcus
245 10 - TITLE STATEMENT
Title Carbon fibres in engineering
Statement of responsibility, etc. edited by Marcus Langley
260 ## - PUBLICATION, DISTRIBUTION, ETC.
Place of publication, distribution, etc. London
Name of publisher, distributor, etc. McGraw-Hill
Date of publication, distribution, etc. 1973
300 ## - PHYSICAL DESCRIPTION
Extent viii, 262p. : ill
350 ## -
-- 0.00
995 ## -
-- ANNEX COLLECTION (Main Library)
-- 0.00
-- 716787
-- CBU-MAIN LIBRARY (Kitwe)
-- 1
-- 5.25
-- TA 418.9.C3 Car
-- 1
-- AVAILABLE
-- 014864
-- Annex Low-Usage Collection
995 ## -
-- MAIN LIBRARY OPEN ACCESS
-- 0.00
-- 716786
-- CBU-MAIN LIBRARY (Kitwe)
-- 2
-- 5.25
-- TA 418.9.C3 Car
-- 2
-- AVAILABLE
-- 014865
-- Main Library Open Access Collection
999 ## -
-- 79150
-- 79150

No items available.